<?xml version="1.0" encoding="UTF-8"?><marc:collection xmlns:marc="http://www.loc.gov/MARC21/slim">
  <marc:record>
    <marc:leader>00000nam##2200000za#4500</marc:leader>
    <marc:controlfield tag="001">9.588015</marc:controlfield>
    <marc:controlfield tag="003">CaOODSP</marc:controlfield>
    <marc:controlfield tag="005">20210624194920</marc:controlfield>
    <marc:controlfield tag="007">cr |||||||||||</marc:controlfield>
    <marc:controlfield tag="008">150406|2007||||xxc|||||o    f|0| 0 eng|d</marc:controlfield>
    <marc:datafield tag="022" ind1=" " ind2=" ">
      <marc:subfield code="a">1701-1280</marc:subfield>
    </marc:datafield>
    <marc:datafield tag="040" ind1=" " ind2=" ">
      <marc:subfield code="a">CaOODSP</marc:subfield>
      <marc:subfield code="b">eng</marc:subfield>
    </marc:datafield>
    <marc:datafield tag="041" ind1=" " ind2=" ">
      <marc:subfield code="a">eng</marc:subfield>
    </marc:datafield>
    <marc:datafield tag="041" ind1=" " ind2=" ">
      <marc:subfield code="a">fre</marc:subfield>
    </marc:datafield>
    <marc:datafield tag="043" ind1=" " ind2=" ">
      <marc:subfield code="a">n-cn---</marc:subfield>
    </marc:datafield>
    <marc:datafield tag="086" ind1="1" ind2=" ">
      <marc:subfield code="a">Fs70-4/2006-030-PDF</marc:subfield>
    </marc:datafield>
    <marc:datafield tag="110" ind1="1" ind2=" ">
      <marc:subfield code="a">Canada. </marc:subfield>
      <marc:subfield code="b">Department of Fisheries and Oceans.</marc:subfield>
    </marc:datafield>
    <marc:datafield tag="245" ind1="1" ind2="0">
      <marc:subfield code="a">Proceedings of the review of DFO science information for smooth skate (Malacoraja senta) relevant to status assessment by COSEWIC : </marc:subfield>
      <marc:subfield code="h">[electronic resource]</marc:subfield>
      <marc:subfield code="b">2-4 October 2006 - The Fluvarium, 5 Nagle's Place, St. John's, NL / </marc:subfield>
      <marc:subfield code="c">meeting chairperson D.W. Kulka ; [by] R. McPhie. </marc:subfield>
    </marc:datafield>
    <marc:datafield tag="260" ind1=" " ind2=" ">
      <marc:subfield code="a">St. John's - Newfoundland and Labrador : </marc:subfield>
      <marc:subfield code="b">Fisheries and Oceans Canada </marc:subfield>
      <marc:subfield code="c">March 2007.</marc:subfield>
    </marc:datafield>
    <marc:datafield tag="300" ind1=" " ind2=" ">
      <marc:subfield code="a">66p.</marc:subfield>
      <marc:subfield code="b">table</marc:subfield>
    </marc:datafield>
    <marc:datafield tag="490" ind1="1" ind2=" ">
      <marc:subfield code="a">Canadian Science Advisory Secretariat proceedings series</marc:subfield>
      <marc:subfield code="x">1701-1280</marc:subfield>
      <marc:subfield code="v">2006/030</marc:subfield>
    </marc:datafield>
    <marc:datafield tag="590" ind1=" " ind2=" ">
      <marc:subfield code="a">11-31-Supp</marc:subfield>
      <marc:subfield code="b">2011-12-13</marc:subfield>
    </marc:datafield>
    <marc:datafield tag="720" ind1="1" ind2=" ">
      <marc:subfield code="a">Kulka, D. W.</marc:subfield>
    </marc:datafield>
    <marc:datafield tag="720" ind1="1" ind2=" ">
      <marc:subfield code="a">McPhie, R.</marc:subfield>
    </marc:datafield>
    <marc:datafield tag="792" ind1=" " ind2=" ">
      <marc:subfield code="t">Compte rendu de l'examen de l'information dont dispose le secteur des Sciences du MPO et qui est pertinente pour l'évaluation, par le COSEPAC, de la situation de la raie à queue de velours (Malacoraja senta) : </marc:subfield>
      <marc:subfield code="e">fre</marc:subfield>
      <marc:subfield code="w">(CaOODSP)9.588016</marc:subfield>
    </marc:datafield>
    <marc:datafield tag="830" ind1="#" ind2="0">
      <marc:subfield code="a">Proceedings series (Canadian Science Advisory Secretariat)</marc:subfield>
      <marc:subfield code="x">1701-1280</marc:subfield>
      <marc:subfield code="v">2006/030</marc:subfield>
      <marc:subfield code="w">(CaOODSP)9.500507</marc:subfield>
    </marc:datafield>
    <marc:datafield tag="856" ind1="4" ind2="0">
      <marc:subfield code="a">http://publications.gc.ca</marc:subfield>
      <marc:subfield code="q">PDF</marc:subfield>
      <marc:subfield code="s">403 KB</marc:subfield>
      <marc:subfield code="u">https://publications.gc.ca/collections/collection_2011/mpo-dfo/Fs70-4-2006-030.pdf</marc:subfield>
      <marc:subfield code="y">2006/030</marc:subfield>
    </marc:datafield>
  </marc:record>
</marc:collection>
